Blight on the tiles (Record no. 84600)

MARC details
000 -LEADER
fixed length control field 01223cad a22002655a 4500
001 - CONTROL NUMBER
control field L158442
008 - FIXED-LENGTH DATA ELEMENTS--GENERAL INFORMATION
fixed length control field 121219e2015 xxk 000 0 eng d
035 ## - SYSTEM CONTROL NUMBER
System control number (Sirsi) u158442
041 0# - LANGUAGE CODE
Language code of text/sound track or separate title eng
100 1# - MAIN ENTRY--PERSONAL NAME
Personal name Santo, Philip
245 00 - TITLE STATEMENT
Title Blight on the tiles
Medium [electronic resource]
260 ## - PUBLICATION, DISTRIBUTION, ETC.
Date of publication, distribution, etc. 2015
490 ## - SERIES STATEMENT
Series statement RICS Property Journal
Volume/sequential designation March 2015-April 2015, 44-45(2)
520 ## - SUMMARY, ETC.
Summary, etc. Outlines the issues that may need to be considered when valuing a property with solar panels.
520 ## - SUMMARY, ETC.
Summary, etc. Reffers to requirements set down by Council of Mortgage Lenders: Solar photovoltaic panels - leases of roofspace. http://bit.ly/1KdQy3d and to 'The Pitfalls of Solar Panels,' article by Philip Santo written for Law Society. http://bit.ly/14cnCaH
520 ## - SUMMARY, ETC.
Summary, etc. More information is available from the Energy Saving Trust http://www.energysavingtrust.org.uk/
650 24 - SUBJECT ADDED ENTRY--TOPICAL TERM
Topical term or geographic name entry element SOLAR PANELS
650 24 - SUBJECT ADDED ENTRY--TOPICAL TERM
Topical term or geographic name entry element VALUATION REPORTS
651 #4 - SUBJECT ADDED ENTRY--GEOGRAPHIC NAME
Geographic name United Kingdom
Chronological subdivision
690 ## - LOCAL SUBJECT ADDED ENTRY--TOPICAL TERM (OCLC, RLIN)
Topical term or geographic name as entry element Valuation
9 (RLIN) 6273
690 ## - LOCAL SUBJECT ADDED ENTRY--TOPICAL TERM (OCLC, RLIN)
Topical term or geographic name as entry element Sustainability
9 (RLIN) 6271
710 ## - ADDED ENTRY--CORPORATE NAME
Corporate name or jurisdiction name as entry element Royal Institution of Chartered Surveyors
9 (RLIN) 4900
856 40 - ELECTRONIC LOCATION AND ACCESS
Uniform Resource Identifier <a href="https://www.rics.org/uk/news/journals/property-journal">https://www.rics.org/uk/news/journals/property-journal</a>
Public note View the journal free of charge at www.rics.org/journals...
942 ## - ADDED ENTRY ELEMENTS (KOHA)
Suppress in OPAC 0
Holdings
Withdrawn status Lost status Source of classification or shelving scheme Damaged status Not for loan Home library Current library Shelving location Date acquired Total Checkouts Full call number Barcode Date last seen Copy number Price effective from Koha item type
    Dewey Decimal Classification     London London Journal article 24/02/2015   L158442 158442-1001 06/08/2019 1 06/08/2019 Journal article
    Dewey Decimal Classification     Virtual Virtual Online 24/02/2015   ONLINE PUBLICATION 158442-2001 06/08/2019 1 06/08/2019 Archive